Collaborative research in organizations : (Record no. 816)

MARC details
000 -LEADER
fixed length control field 01376nam a2200289 a 4500
005 - DATE AND TIME OF LATEST TRANSACTION
control field 20260112063229.0
020 ## - INTERNATIONAL STANDARD BOOK NUMBER
International Standard Book Number 0761928626 (cloth)
020 ## - INTERNATIONAL STANDARD BOOK NUMBER
International Standard Book Number 0761928634 (pbk.)
039 ## - LEVEL OF BIBLIOGRAPHIC CONTROL AND CODING DETAIL [OBSOLETE]
Level of rules in bibliographic description 202109291447
Level of effort used to assign nonsubject heading access points staff
Level of effort used to assign subject headings 201302111550
Level of effort used to assign classification staff
Level of effort used to assign subject headings 201302111549
Level of effort used to assign classification staff
Level of effort used to assign subject headings 201302111548
Level of effort used to assign classification staff
-- 200908012239
-- staff
050 ## - LIBRARY OF CONGRESS CALL NUMBER
Classification number 658.40092
Item number ADL
082 ## - DEWEY DECIMAL CLASSIFICATION NUMBER
Classification number 658.40092
Item number ADL [ Shelf 78]
245 ## - TITLE STATEMENT
Title Collaborative research in organizations :
Remainder of title foundations for learning, change, and theoretical development /
Statement of responsibility, etc. edited by Niclas Adler, A. B. (Rami) Shani, Alexander Styhre.
260 ## - PUBLICATION, DISTRIBUTION, ETC.
Place of publication, distribution, etc. Thousand Oaks, Calif. :
Name of publisher, distributor, etc. SAGE Publications,
Date of publication, distribution, etc. 2004.
300 ## - PHYSICAL DESCRIPTION
Extent xxiii, 383 p. :
Other physical details ill. ;
Dimensions 26 cm.
504 ## - BIBLIOGRAPHY, ETC. NOTE
Bibliography, etc. note Includes bibliographical references and index.
650 ## - SUBJECT ADDED ENTRY--TOPICAL TERM
Topical term or geographic name entry element Management
General subdivision Research.
650 ## - SUBJECT ADDED ENTRY--TOPICAL TERM
Topical term or geographic name entry element Research teams.
700 ## - ADDED ENTRY--PERSONAL NAME
Personal name Adler, Niclas.
700 ## - ADDED ENTRY--PERSONAL NAME
Personal name Shani, Abraham B.
700 ## - ADDED ENTRY--PERSONAL NAME
Personal name Styhre, Alexander.
856 ## - ELECTRONIC LOCATION AND ACCESS
-- ublisher description
Uniform Resource Identifier <a href=" http://www.loc.gov/catdir/enhancements/fy0658/2003004708-d.html"> http://www.loc.gov/catdir/enhancements/fy0658/2003004708-d.html</a>
856 ## - ELECTRONIC LOCATION AND ACCESS
-- able of contents only
Uniform Resource Identifier <a href=" http://www.loc.gov/catdir/enhancements/fy0658/2003004708-t.html"> http://www.loc.gov/catdir/enhancements/fy0658/2003004708-t.html</a>
856 ## - ELECTRONIC LOCATION AND ACCESS
-- ontributor biographical information
Uniform Resource Identifier <a href=" http://www.loc.gov/catdir/enhancements/fy0734/2003004708-b.html"> http://www.loc.gov/catdir/enhancements/fy0734/2003004708-b.html</a>
991 ## -
-- VIRTUA40
991 ## -
-- VTLSSORT0080*0200*0201*0500*0820*2450*2600*3000*5040*6500*6501*7000*7001*7002*8560*8561*8562*9992
909 ## -
-- 826
Holdings
Withdrawn status Lost status Damaged status Not for loan Home library Current library Date acquired Total checkouts Full call number Barcode Copy number Koha item type
        Indian Institute Of Management, Shillong Indian Institute Of Management, Shillong 01/08/2009   658.40092 ADL [ Shelf 78] 0005649   Reference
Copyright © 2026 Indian Institute of Management Shillong. All Rights Reserved.